000 01214nam a22002657a 4500
003 AR-RoUNCS
005 20260305113941.0
007 ta
008 140822s2007 ag jr 001 f spa
015 _aAR-2007
020 _a958-04-4391-2
040 _aAR-BaBN
_bspa
_cAR-RoUNCS
_eaacr
044 _aag
_car-c
080 1 _a82-32(82)
_22016
100 1 _aSanta Ana, Antonio,
_d1963-
_eautor
_4aut
245 1 4 _aLos ojos del perro siberiano /
_cAntonio Santa Ana.
260 _aBuenos Aires :
_bGrupo Editorial Norma,
_c2007.
300 _a[135] p. ;
_c21 cm.
490 0 _aZona Libre
520 3 _a«Hay cosas de las que es mejor no hablar. Eso creen la madre y el padre de Ezequiel. Pero su hermano menor quiere saber qué pasa, entender por qué Ezequiel está enfermo y por qué hay una parte de la familia que eligió abandonarlo. Los pocos encuentros entre los hermanos, a veces a escondidas, renovarán ese vínculo y darán forma al legado fraternal hecho de libros, música, un perro y una crítica conjunta a la tradición familiar».
_c(Descripción del editor).
650 7 _2embne
_aLiteratura argentina
655 7 _aNovelas juveniles
_2embne
655 7 _aNovelas cortas
_2embne
942 _2udc
_cOG
_n0
999 _c935
_d935